00871 a2200205 45000010006000000050017000060080041000230030015000640400040000790800046001192450026001650200022001912500012002132640034002253000023002595050247002820410008005291000033005378560095005704231820260407155713.0260407a2015 arg spa dAR-UNSa-BCEJYS aAR-UNSa-BCEJYSbspacAR-UNSa-BCEJYS a336.221.5xFacturación y registración10aFactura electrónica a978-987-01-1819-0 a4a. ed. 1aBuenos Aires :bErreparc2015 axi, 138 p.c27 cm. a1. Definición de factura electrónica. Ventajas y desventajas. Régimen de registración - 2. Historia del régimen - 3. Regímenes vigentes - 4. Aspectos prácticos - 5. Monotributo - 6. Consultas frecuentes - 7. Casos controvertidos aspa1 aD´Agostino, Hernán Miguel41uhttps://biblioeco.unsa.edu.ar/pmb/images/libros/L126505.jpgyImagen de portadaqimage/jpeg